00249nam a22000977a 4500008004100000082001600041100002300057245002300080260003900103300000900142230619b xxu||||| |||| 00| 0 eng d a266.02bPHI cHorace R. A. Philp aA New Day in Kenya aLondonbWorld Dominion Pressc1936 a187p